Investigaciones biobibliográficas iberoamericanas (Record no. 104408)

MARC details
000 -LEADER
campo de control de longitud fija 00988nam a2200229 i 4500
001 - NÚMERO DE CONTROL
campo de control 104408
003 - IDENTIFICADOR DE NÚMERO DE CONTROL
campo de control ES-MaACL
005 - FECHA Y HORA DE LA ÚLTIMA TRANSACCIÓN
campo de control 20230906183608.0
007 - CAMPO FIJO DE DESCRIPCIÓN FÍSICA--INFORMACIÓN GENERAL
campo de control de longitud fija t|
008 - DATOS DE LONGITUD FIJA--INFORMACIÓN GENERAL
campo de control de longitud fija 051129s1950 mx ||||1| spa d
100 1# - ENTRADA PRINCIPAL--NOMBRE DE PERSONA
Nombre de persona Millares Carlo, Agustín,
Fechas asociadas al nombre 1893-1980
9 (RLIN) 81176
245 10 - MENCIÓN DEL TÍTULO
Título Investigaciones biobibliográficas iberoamericanas
Resto del título : época colonial /
Mención de responsabilidad, etc. Agustín Millares Carlo.
260 ## - PUBLICACIÓN, DISTRIBUCIÓN, ETC.
Lugar de publicación, distribución, etc. México :
Nombre del editor, distribuidor, etc. [Editorial Jus],
Fecha de publicación, distribución, etc. 1950 (
Fabricante Talls. Edit. Jus)
300 ## - DESCRIPCIÓN FÍSICA
Extensión 153 p., lám. I-X ;
Dimensiones 24 cm.
490 1# - MENCIÓN DE SERIE
Mención de serie Publicaciones del Instituto de Historia. Primera serie ;
Designación de volumen o secuencia 17
500 ## - NOTA GENERAL
Nota general Precede al tít.: Universidad Nacional Autónoma de México.Instituto de Historia.
651 #4 - PUNTO DE ACCESO ADICIONAL DE MATERIA--NOMBRE GEOGRÁFICO
Nombre geográfico América española-
Subdivisión de forma Biobibliografías.
9 (RLIN) 170391
710 2# - ENTRADA AGREGADA--NOMBRE DE ENTIDAD CORPORATIVA
Nombre de entidad corporativa o nombre de jurisdicción como elemento de entrada Universidad Nacional Autónoma de México.
Unidad subordinada Instituto de Historia.
9 (RLIN) 7398
830 0# - PUNTO DE ACCESO ADICIONAL DE SERIE-TÍTULO UNIFORME
Título uniforme Publicaciones del Instituto de Historia. Primera serie ;
Designación de volumen o secuencia 17
9 (RLIN) 226756
852 ## - LOCALIZACIÓN
Ubicación ES-MaACL
Número de control de estantería C-15465
Sublocalización o colección R.43575
Holdings
Estatus retirado Estado de pérdida Estado de daño No para préstamo Biblioteca de origen Biblioteca actual Ubicación en estantería Fecha de adquisición Fuente de adquisición Total de préstamos Signatura topográfica completa Código de barras Visto por última vez Precio de reemplazo Tipo de ítem Koha
        Biblioteca del Ateneo de Madrid Biblioteca del Ateneo de Madrid Ficheros 17/01/2008     C-15465 1109012 23/02/2023 23/02/2023 Libro impreso